Encyclopedia of flora and fauna of Bangladesh : (Record no. 1075)

MARC details
000 -LEADER
fixed length control field 00675nam a2200193 a 4500
003 - CONTROL NUMBER IDENTIFIER
control field BD-DhJNU
005 - DATE AND TIME OF LATEST TRANSACTION
control field 20250109053155.0
008 - FIXED-LENGTH DATA ELEMENTS--GENERAL INFORMATION
fixed length control field 891020s2008 bg a rb f100 0 eng
020 ## - INTERNATIONAL STANDARD BOOK NUMBER
International Standard Book Number 9843000002860
040 ## - CATALOGING SOURCE
Original cataloging agency BD-DhJNU
Language of cataloging ENG
Transcribing agency BD-DhJNU
Modifying agency BD-DhJNU
082 00 - DEWEY DECIMAL CLASSIFICATION NUMBER
Classification number 030 ENC
Edition number 23
245 10 - TITLE STATEMENT
Title Encyclopedia of flora and fauna of Bangladesh :
Remainder of title birds, Vol. : 26 /
Statement of responsibility, etc. edited by Kamal Uddin Siddiqui
260 ## - PUBLICATION, DISTRIBUTION, ETC.
Place of publication, distribution, etc. Dhaka :
Name of publisher, distributor, etc. Asiatic Society of Bangladesh,
Date of publication, distribution, etc. c2008.
300 ## - PHYSICAL DESCRIPTION
Extent xl, 662 p. ;
Other physical details ill. :
Dimensions 25 cm.
490 ## - SERIES STATEMENT
Volume/sequential designation Vol. : 26
504 ## - BIBLIOGRAPHY, ETC. NOTE
Bibliography, etc. note Includes bibliographical references and index.
650 #0 - SUBJECT ADDED ENTRY--TOPICAL TERM
Topical term or geographic name entry element Fauna- Encyclopedia -Bangladesh
700 ## - ADDED ENTRY--PERSONAL NAME
Personal name Siddiqui, Kamal Uddin
Relator term Editor
Holdings
Withdrawn status Lost status Source of classification or shelving scheme Damaged status Not for loan Collection Home library Current library Shelving location Date acquired Source of acquisition Total checkouts Full call number Barcode Date last seen Copy number Price effective from Koha item type
    Dewey Decimal Classification     Reference Jagannath University Central Library Jagannath University Central Library Reference 01/09/2025 Donation   030 ENC JNUCL29783R 01/09/2025 1 01/09/2025 Reference
    Dewey Decimal Classification     Reference Jagannath University Central Library Jagannath University Central Library Reference 01/09/2025 Donation   030 ENC JNUCL29784R 01/09/2025 2 01/09/2025 Reference
    Dewey Decimal Classification     Reference Jagannath University Central Library Jagannath University Central Library Reference 01/09/2025 Donation   030 ENC JNUCL29785R 01/09/2025 3 01/09/2025 Reference
    Dewey Decimal Classification     Reference Jagannath University Central Library Jagannath University Central Library Reference 01/09/2025 Donation   030 ENC JNUCL29786R 01/09/2025 4 01/09/2025 Reference